000 01505nam a2200373 i 4500
001 000015098
003 DO-SdBNP
005 20251027100859.0
007 ta
008 100201e2002 ve gr 001 edspa d
020 _a9803171941
040 _aDO-SdBNP
_bspa
_cBNPHU
_erda
041 _aspa
082 4 _a320.9729
_bR311g
_222
245 0 4 _aLos recursos de la gobernabilidad en la Cuenca del Caribe /
_ceditor, Haroldo Dilla ; edición, Carlos González Ruiz.
264 1 _aCaracas, Venezuela :
_bFacultad Latinoamericana de Ciencias Sociales (FLACSO) ; Nueva Sociedad,
_c2002.
300 _a300 páginas ;
_c23 cm.
336 _atexto
_btxt
_2rdamedia
337 _asin mediación
_bn
_2rdamedia
338 _avolumen
_bnc
_2rdacarrier
500 _aIncluye datos biográficos del editor en la solapa de la cubierta
500 _aIncluye referencias bibliográficas y notas al pie de las páginas
504 _aBibliografía: p. 297
590 _aInventariado 2023 / MF
650 7 _aEstabilidad política
_zCaribe, Región
_986795
_2LEMB
650 4 _aMovimientos sociales
_zCaribe (Región)
_923226
_2LEMB
651 0 _aCaribe (Región)
_xPolítica y gobierno
_y1945-
_987401
_2LEMB
700 1 _aDilla, Haroldo
_96403
700 1 _aGonzález Ruiz, Carlos,
_eed.
_934181
710 2 _952759
_aComisión Nacional Dominicana de la UNESCO
710 2 _aFLACSO (Organización).
_bPrograma República Dominicana
_971393
910 _aMFeliz/Validado. Control de calidad MFF
942 _2ddc
_cLBS1
999 _c14670
_d14670